[Event "Moscow Aeroflot op-A"]
[Site "Moscow"]
[Date "2020.02.19"]
[Round "1"]
[White "Murzin, Volodar"]
[Black "Can, Emre"]
[Result "0-1"]
[WhiteElo "2442"]
[BlackElo "2600"]
[PlyCount "119"]
[EventDate "2020.02.19"]
[EventType "swiss"]
[EventRounds "9"]
[EventCountry "RUS"]
[SourceTitle "CBM 195"]
[Source "ChessBase"]
[SourceDate "2020.04.30"]
[SourceVersion "1"]
[SourceVersionDate "2020.04.30"]
[SourceQuality "1"]

1. e4 c5 2. Nf3 e6 3. g3 Nc6 4. Bg2 Nf6 5. Qe2 e5 6. O-O Be7 7. d3 O-O 8. Na3
d6 9. Nc4 b5 10. Ne3 Nd4 11. Qd1 Re8 12. Nd2 Bb7 13. f4 exf4 14. gxf4 Bf8 15.
Rf2 Qb6 16. Ndf1 c4 17. c3 Ne6 18. e5 Bxg2 19. Nxg2 dxe5 20. fxe5 Bc5 21. d4
Ne4 22. dxc5 Qxc5 23. Be3 Nxf2 24. Bxf2 Qxe5 25. Qg4 Qg5 26. Qg3 a6 27. Re1
Qxg3 28. hxg3 Ng5 29. Rxe8+ Rxe8 30. Be3 Ne4 31. Bd4 f6 32. Nge3 Kf7 33. g4 h5
34. gxh5 Rh8 35. Nd5 Rxh5 36. Nc7 Rg5+ 37. Kh2 a5 38. Ne3 Nd6 39. Bb6 a4 40.
Ncd5 Ke6 41. Nf4+ Kd7 42. Nh3 Rh5 43. Kg2 g5 44. Nd5 Rh6 45. Bd4 Ne8 46. Be3
Ke6 47. Nb4 Nd6 48. Nc2 Kd5 49. Nb4+ Ke6 50. Nc2 Rh8 51. Nd4+ Kd5 52. a3 Rb8
53. Kf3 Ne4 54. Ng1 Nc5 55. Nc2 Nd3 56. Nb4+ Nxb4 57. axb4 Rh8 58. Ne2 Rh3+ 59.
Ng3 Rxg3+ 60. Kxg3 0-1

[Event "Moscow Aeroflot op-A"]
[Site "Moscow"]
[Date "2020.02.19"]
[Round "1"]
[White "Nesterov, Arseniy"]
[Black "Shtembuliak, Evgeny"]
[Result "1-0"]
[WhiteElo "2501"]
[BlackElo "2628"]
[PlyCount "109"]
[EventDate "2020.02.19"]
[EventType "swiss"]
[EventRounds "9"]
[EventCountry "RUS"]
[SourceTitle "CBM 195"]
[Source "ChessBase"]
[SourceDate "2020.04.30"]
[SourceVersion "1"]
[SourceVersionDate "2020.04.30"]
[SourceQuality "1"]

1. d4 g6 2. e4 Bg7 3. Nf3 d6 4. Bc4 c6 5. Nc3 Nf6 6. Bb3 O-O 7. O-O Bg4 8. h3
Bxf3 9. Qxf3 Nbd7 10. Be3 Qc7 11. Rad1 b5 12. Rfe1 a5 13. a3 b4 14. axb4 axb4
15. Nb1 c5 16. Nd2 cxd4 17. Bxd4 Ne5 18. Bxe5 dxe5 19. Nc4 Rad8 20. Qe3 e6 21.
Rd2 h5 22. Red1 Rxd2 23. Qxd2 Rb8 24. Qd6 Qxd6 25. Nxd6 Bf8 26. Nc4 Nxe4 27.
Nxe5 Rb5 28. Nd3 h4 29. Ba4 Rd5 30. Bc6 Rd4 31. Bxe4 Rxe4 32. Kf1 Rc4 33. Ne1
Be7 34. Rd7 Bf6 35. b3 Re4 36. Nd3 Kf8 37. f3 Re3 38. Kf2 Ke8 39. Kxe3 Kxd7 40.
Nxb4 Kd6 41. c4 Bc3 42. Nc2 Kc5 43. Kd3 Ba5 44. f4 Bc7 45. b4+ Kb6 46. Ke3 e5
47. fxe5 Bxe5 48. Nd4 Bg3 49. c5+ Ka6 50. Kd3 f5 51. b5+ Kb7 52. Kc4 Bf2 53.
Kd5 f4 54. Ne6 Be3 55. Ke4 1-0

[Event "Moscow Aeroflot op-A"]
[Site "Moscow"]
[Date "2020.02.19"]
[Round "1"]
[White "Paravyan, David"]
[Black "Lobanov, Sergei"]
[Result "1/2-1/2"]
[WhiteElo "2629"]
[BlackElo "2507"]
[PlyCount "83"]
[EventDate "2020.02.19"]
[EventType "swiss"]
[EventRounds "9"]
[EventCountry "RUS"]
[SourceTitle "CBM 195"]
[Source "ChessBase"]
[SourceDate "2020.04.30"]
[SourceVersion "1"]
[SourceVersionDate "2020.04.30"]
[SourceQuality "1"]

1. c4 e5 2. g3 Nf6 3. Bg2 c6 4. d4 exd4 5. Qxd4 d5 6. Nf3 Be7 7. cxd5 cxd5 8.
O-O Nc6 9. Qd1 O-O 10. Be3 Bg4 11. Nd4 Qd7 12. Nc3 Rfe8 13. Qd3 Rad8 14. Rac1
Bh3 15. Nxc6 bxc6 16. Bd4 Bxg2 17. Kxg2 c5 18. Bxf6 Bxf6 19. Rfd1 Bxc3 20. Rxc3
Qe7 21. Rd2 d4 22. Rc4 Rd5 23. e4 Re5 24. b4 cxb4 25. Qxd4 h6 26. Rxb4 Rxe4 27.
Qxe4 Qxe4+ 28. Rxe4 Rxe4 29. Rd8+ Kh7 30. Rd7 Ra4 31. Rxf7 Rxa2 32. g4 h5 33.
gxh5 Ra5 34. Kg3 a6 35. Ra7 Rg5+ 36. Kh4 Rf5 37. h6 Rxf2 38. Kg3 Rf6 39. hxg7
Rg6+ 40. Kf4 Rxg7 41. Rxa6 Rg2 42. Kf3 1/2-1/2

[Event "Moscow Aeroflot op-A"]
[Site "Moscow"]
[Date "2020.02.19"]
[Round "1"]
[White "Petrosyan, Manuel"]
[Black "Aditya, Mittal"]
[Result "1/2-1/2"]
[WhiteElo "2590"]
[BlackElo "2427"]
[PlyCount "213"]
[EventDate "2020.02.19"]
[EventType "swiss"]
[EventRounds "9"]
[EventCountry "RUS"]
[SourceTitle "CBM 195"]
[Source "ChessBase"]
[SourceDate "2020.04.30"]
[SourceVersion "1"]
[SourceVersionDate "2020.04.30"]
[SourceQuality "1"]

1. d4 Nf6 2. Nf3 d5 3. c4 e6 4. g3 dxc4 5. Bg2 a6 6. O-O Nc6 7. Bg5 h6 8. Bxf6
Qxf6 9. Nc3 Rb8 10. e3 b5 11. a4 Bd6 12. axb5 axb5 13. b3 cxb3 14. Qxb3 b4 15.
Nd2 Bd7 16. Nce4 Qd8 17. Rfc1 Ne7 18. Nc4 Nc8 19. Nc5 O-O 20. Nb7 Qe7 21. Ra5
c6 22. Nc5 Bxc5 23. Rxc5 Nd6 24. Ne5 Nb7 25. Nxd7 Qxd7 26. Re5 c5 27. dxc5 Na5
28. Qb2 Qd3 29. Re4 Nb3 30. Rg4 f6 31. Bf1 Nxc1 32. Bxd3 Nxd3 33. Qb1 Nxc5 34.
Rxb4 Nd7 35. Qb3 Rxb4 36. Qxb4 Rf7 37. h4 Nf8 38. g4 Rd7 39. h5 Kf7 40. f4 Re7
41. Kg2 e5 42. Qc4+ Ke8 43. g5 hxg5 44. fxg5 fxg5 45. Kg3 Re6 46. Kg4 Rf6 47.
Kxg5 Ne6+ 48. Kg4 Kf8 49. Qd5 Kg8 50. Qxe5 Kh7 51. Qe4+ Kh8 52. Qd3 Kg8 53. e4
g6 54. hxg6 Rxg6+ 55. Kf5 Kh7 56. Qh3+ Kg7 57. Ke5 Nf8 58. Qc3 Kf7 59. Qb3+ Kg7
60. Qb7+ Kg8 61. Kf5 Rg7 62. Qd5+ Rf7+ 63. Kg5 Kg7 64. Qd4+ Kg8 65. Qc4 Kg7 66.
Qc6 Nh7+ 67. Kh4 Nf8 68. Kh5 Re7 69. Qh6+ Kf7 70. Qf4+ Ke8 71. Qb8+ Kf7 72.
Qb3+ Ke8 73. Qb5+ Nd7 74. Qc4 Re5+ 75. Kh4 Ke7 76. Kg3 Rg5+ 77. Kf4 Re5 78.
Qb4+ Ke8 79. Qd6 Kd8 80. Qg6 Rc5 81. Qg7 Ke8 82. Ke3 Re5 83. Kd4 Rc5 84. Qh8+
Ke7 85. Qh7+ Ke8 86. Qg7 Kd8 87. Qf7 Kc7 88. Qg8 Ra5 89. Qc4+ Kd8 90. Qg8+ Kc7
91. Qg3+ Kc8 92. Qc3+ Rc5 93. Qa3 Kd8 94. Qa8+ Kc7 95. Qg8 Ra5 96. Qg3+ Kc8 97.
Qh3 Rc5 98. Qa3 Kd8 99. Qb4 Kc8 100. Qxc5+ Nxc5 101. Kxc5 Kc7 102. Kd5 Kd7 103.
e5 Ke7 104. e6 Ke8 105. Kd6 Kd8 106. e7+ Ke8 107. Ke6 1/2-1/2

[Event "Moscow Aeroflot op-A"]
[Site "Moscow"]
[Date "2020.02.19"]
[Round "1"]
[White "Pogosyan, Stefan"]
[Black "Praggnanandhaa, Rameshbabu"]
[Result "1/2-1/2"]
[WhiteElo "2455"]
[BlackElo "2602"]
[PlyCount "57"]
[EventDate "2020.02.19"]
[EventType "swiss"]
[EventRounds "9"]
[EventCountry "RUS"]
[SourceTitle "CBM 195"]
[Source "ChessBase"]
[SourceDate "2020.04.30"]
[SourceVersion "1"]
[SourceVersionDate "2020.04.30"]
[SourceQuality "1"]

1. c4 Nf6 2. Nc3 g6 3. e4 d6 4. d4 Bg7 5. Be2 O-O 6. Bg5 Na6 7. Nf3 e5 8. d5 h6
9. Bh4 Qe8 10. Nd2 Bd7 11. a3 Nc5 12. O-O a5 13. b3 Nfxe4 14. Ncxe4 Nxe4 15.
Nxe4 f5 16. Nd2 e4 17. f4 exf3 18. Nxf3 Bxa1 19. Qxa1 g5 20. Bf2 Qxe2 21. Re1
Qc2 22. Nd4 Qd2 23. Re2 Qf4 24. Ne6 Bxe6 25. Rxe6 Rf7 26. Rxh6 Rg7 27. Bd4 Re8
28. Bxg7 Qe3+ 29. Kf1 1/2-1/2

[Event "Moscow Aeroflot op-A"]
[Site "Moscow"]
[Date "2020.02.19"]
[Round "1"]
[White "Puranik, Abhimanyu Sameer"]
[Black "Nikitenko, Mihail"]
[Result "1/2-1/2"]
[WhiteElo "2597"]
[BlackElo "2440"]
[PlyCount "87"]
[EventDate "2020.02.19"]
[EventType "swiss"]
[EventRounds "9"]
[EventCountry "RUS"]
[SourceTitle "CBM 195"]
[Source "ChessBase"]
[SourceDate "2020.04.30"]
[SourceVersion "1"]
[SourceVersionDate "2020.04.30"]
[SourceQuality "1"]

1. e4 e6 2. d4 d5 3. e5 c5 4. c3 Qb6 5. Nf3 Nc6 6. a3 Nh6 7. b4 cxd4 8. b5 Na5
9. Bxh6 gxh6 10. cxd4 Bd7 11. Nbd2 Rc8 12. a4 Bb4 13. Bd3 Bc3 14. Rc1 Ke7 15.
O-O Bxd4 16. Rb1 Rc3 17. Nb3 Nxb3 18. Rxb3 Rhc8 19. Rb1 Ra3 20. Qd2 Bc5 21.
Bxh7 Rxa4 22. Qxh6 Be8 23. Bd3 Ra2 24. Qh4+ Kd7 25. Qg3 Bf8 26. Qg8 Bc5 27. Qg3
Bf8 28. h4 Rc3 29. Rbd1 Bh6 30. Ng5 Raa3 31. Nh7 Kd8 32. Nf6 Qc5 33. h5 Qf8 34.
Ng4 Bg5 35. f4 Be7 36. Rf3 f5 37. exf6 Bc5+ 38. Kh1 Bxh5 39. f5 Bxg4 40. Qb8+
Kd7 41. Qxb7+ Kd8 42. Qb8+ Kd7 43. Qb7+ Kd8 44. Qb8+ 1/2-1/2

[Event "Moscow Aeroflot op-A"]
[Site "Moscow"]
[Date "2020.02.19"]
[Round "1"]
[White "Raja, Harshit"]
[Black "Jobava, Baadur"]
[Result "1/2-1/2"]
[WhiteElo "2472"]
[BlackElo "2620"]
[PlyCount "56"]
[EventDate "2020.02.19"]
[EventType "swiss"]
[EventRounds "9"]
[EventCountry "RUS"]
[SourceTitle "CBM 195"]
[Source "ChessBase"]
[SourceDate "2020.04.30"]
[SourceVersion "1"]
[SourceVersionDate "2020.04.30"]
[SourceQuality "1"]

1. e4 c6 2. Nc3 d5 3. Nf3 Bg4 4. h3 Bxf3 5. Qxf3 e6 6. Be2 g6 7. d4 Bg7 8. Be3
Ne7 9. h4 Qa5 10. O-O-O Nd7 11. h5 b5 12. hxg6 hxg6 13. Rxh8+ Bxh8 14. Qh3 Bf6
15. exd5 Nxd5 16. Ne4 Qxa2 17. Nxf6+ N7xf6 18. Qh8+ Ke7 19. Qxa8 Ne4 20. c3
Ndxc3 21. Bg5+ Nxg5 22. bxc3 Ne4 23. Qxc6 Qxe2 24. d5 Nxf2 25. d6+ Kf6 26. Rd2
Nd3+ 27. Kc2 Ne1+ 28. Kc1 Nd3+ 1/2-1/2

[Event "Moscow Aeroflot op-A"]
[Site "Moscow"]
[Date "2020.02.19"]
[Round "1"]
[White "Rakhmanov, Alexander"]
[Black "Moroni, Luca Jr"]
[Result "1/2-1/2"]
[WhiteElo "2645"]
[BlackElo "2536"]
[PlyCount "105"]
[EventDate "2020.02.19"]
[EventType "swiss"]
[EventRounds "9"]
[EventCountry "RUS"]
[SourceTitle "CBM 195"]
[Source "ChessBase"]
[SourceDate "2020.04.30"]
[SourceVersion "1"]
[SourceVersionDate "2020.04.30"]
[SourceQuality "1"]

1. Nf3 Nf6 2. g3 d5 3. Bg2 c5 4. O-O Nc6 5. d4 e6 6. c4 dxc4 7. dxc5 Qxd1 8.
Rxd1 Bxc5 9. Nbd2 c3 10. bxc3 O-O 11. Nb3 Be7 12. c4 Bd7 13. Bb2 Rfd8 14. Nfd4
Rac8 15. Nb5 b6 16. Nd6 Bxd6 17. Rxd6 Be8 18. Rxd8 Nxd8 19. Rc1 Bc6 20. c5 Bxg2
21. Kxg2 Nd7 22. cxb6 Rxc1 23. Bxc1 axb6 24. Kf3 Nc6 25. Ke3 Kf8 26. Nd4 Nde5
27. Nxc6 Nxc6 28. a4 Ke7 29. Kd3 Kd7 30. Bb2 f6 31. g4 Ne7 32. Ba3 Nd5 33. e3
Nc7 34. f4 Kc6 35. Bf8 g6 36. g5 fxg5 37. fxg5 b5 38. a5 e5 39. Ke4 Ne6 40. Be7
b4 41. Bxb4 Nxg5+ 42. Kxe5 Nf3+ 43. Kf4 Nxh2 44. e4 h5 45. Be7 Ng4 46. Bd8 Kb5
47. Kg5 Ne5 48. Bf6 Nd3 49. Kxg6 Nc5 50. e5 Nd7 51. a6 Nxe5+ 52. Bxe5 Kxa6 53.
Kxh5 1/2-1/2

[Event "Moscow Aeroflot op-A"]
[Site "Moscow"]
[Date "2020.02.19"]
[Round "1"]
[White "Riazantsev, Alexander"]
[Black "Iljiushenok, Ilia"]
[Result "1/2-1/2"]
[WhiteElo "2639"]
[BlackElo "2519"]
[PlyCount "119"]
[EventDate "2020.02.19"]
[EventType "swiss"]
[EventRounds "9"]
[EventCountry "RUS"]
[SourceTitle "CBM 195"]
[Source "ChessBase"]
[SourceDate "2020.04.30"]
[SourceVersion "1"]
[SourceVersionDate "2020.04.30"]
[SourceQuality "1"]

1. d4 Nf6 2. c4 g6 3. Nc3 Bg7 4. e4 d6 5. Be2 O-O 6. Be3 e5 7. d5 Na6 8. g4 Nc5
9. f3 h5 10. g5 Nh7 11. h4 f6 12. Qd2 fxg5 13. hxg5 Rf4 14. b4 Na6 15. a3 Nxg5
16. c5 dxc5 17. bxc5 Qf8 18. d6 cxd6 19. cxd6 Be6 20. Nd5 Rd8 21. Rd1 Nxf3+ 22.
Nxf3 Rxf3 23. Rg1 Bg4 24. Bg5 Rd7 25. Ne7+ Kh7 26. Rxg4 hxg4 27. Bxf3 Qxf3 28.
Qh2+ Qh3 29. Qxh3+ gxh3 30. Rd3 Bh8 31. Rxh3+ Kg7 32. Nd5 Rxd6 33. Be7 Re6 34.
Bf6+ Rxf6 35. Nxf6 Kxf6 36. Rxh8 Nc5 37. Rh7 a5 38. Rc7 Nxe4 39. Rxb7 Nd6 40.
Rb6 Ke7 41. a4 Kd7 42. Ra6 Nb7 43. Ke2 g5 44. Ke3 g4 45. Kf2 Nc5 46. Rxa5 Kc6
47. Kg3 Ne4+ 48. Kxg4 Nc3 49. Kf5 Kb6 50. Ra8 Kb7 51. Rg8 Nxa4 52. Kxe5 Kc6 53.
Rc8+ Kb5 54. Kd4 Nb6 55. Rc1 Nd7 56. Rc2 Nb6 57. Rc7 Na4 58. Rc2 Nb6 59. Rc5+
Kb4 60. Rc6 1/2-1/2

[Event "Moscow Aeroflot op-A"]
[Site "Moscow"]
[Date "2020.02.19"]
[Round "1"]
[White "Sadhwani, Raunak"]
[Black "Sethuraman, SP."]
[Result "0-1"]
[WhiteElo "2522"]
[BlackElo "2641"]
[PlyCount "86"]
[EventDate "2020.02.19"]
[EventType "swiss"]
[EventRounds "9"]
[EventCountry "RUS"]
[SourceTitle "CBM 195"]
[Source "ChessBase"]
[SourceDate "2020.04.30"]
[SourceVersion "1"]
[SourceVersionDate "2020.04.30"]
[SourceQuality "1"]

1. Nf3 c5 2. c4 Nf6 3. Nc3 d5 4. cxd5 Nxd5 5. e3 e6 6. Bc4 Nc6 7. O-O Be7 8.
Qe2 O-O 9. Rd1 Nxc3 10. dxc3 Qc7 11. e4 Bd6 12. Rd3 a6 13. a4 f6 14. Be3 Na5
15. Rd2 b5 16. Ba2 c4 17. Rad1 Be7 18. e5 f5 19. Bg5 Bxg5 20. Nxg5 h6 21. Nh3
bxa4 22. Nf4 Rb8 23. h4 Re8 24. h5 Rb5 25. Rd6 Nb3 26. Bb1 Na5 27. Ng6 Nb7 28.
R6d2 Na5 29. Kh2 Nb3 30. Rd6 Nc5 31. Ba2 Ne4 32. R6d4 Qb6 33. Qxc4 Nxf2 34.
Ne7+ Kh7 35. Nxc8 Qb8 36. Nd6 Nxd1 37. Rxd1 Rxe5 38. Qf4 Re4 39. Qf2 Rd8 40.
Bxe6 Rxd6 41. Bxf5+ Kg8 42. Qg3 Rh4+ 43. Bh3 Rxh3+ 0-1

[Event "Moscow Aeroflot op-A"]
[Site "Moscow"]
[Date "2020.02.19"]
[Round "1"]
[White "Sandipan, Chanda"]
[Black "Sjugirov, Sanan"]
[Result "1/2-1/2"]
[WhiteElo "2552"]
[BlackElo "2674"]
[PlyCount "53"]
[EventDate "2020.02.19"]
[EventType "swiss"]
[EventRounds "9"]
[EventCountry "RUS"]
[SourceTitle "CBM 195"]
[Source "ChessBase"]
[SourceDate "2020.04.30"]
[SourceVersion "1"]
[SourceVersionDate "2020.04.30"]
[SourceQuality "1"]

1. d4 Nf6 2. c4 g6 3. Nc3 d5 4. Nf3 Bg7 5. Qb3 dxc4 6. Qxc4 O-O 7. e4 a6 8. Be2
b5 9. Qb3 c5 10. dxc5 Be6 11. Qc2 Nbd7 12. Be3 Rc8 13. Rd1 b4 14. Nd5 Bxd5 15.
exd5 Nxc5 16. O-O a5 17. Bc4 Na4 18. d6 Nc3 19. Bxf7+ Rxf7 20. bxc3 Rxc3 21.
dxe7 Qxe7 22. Qa4 Qc7 23. Bd4 Ra3 24. Qb5 Qb7 25. Qc4 Qc7 26. Qb5 Qb7 27. Qc4
1/2-1/2

[Event "Moscow Aeroflot op-A"]
[Site "Moscow"]
[Date "2020.02.19"]
[Round "1"]
[White "Sarana, Alexey"]
[Black "Kunin, Vitaly L"]
[Result "1-0"]
[WhiteElo "2656"]
[BlackElo "2550"]
[PlyCount "135"]
[EventDate "2020.02.19"]
[EventType "swiss"]
[EventRounds "9"]
[EventCountry "RUS"]
[SourceTitle "CBM 195"]
[Source "ChessBase"]
[SourceDate "2020.04.30"]
[SourceVersion "1"]
[SourceVersionDate "2020.04.30"]
[SourceQuality "1"]

1. e4 e6 2. d4 d5 3. Nc3 dxe4 4. Nxe4 Bd7 5. Nf3 Bc6 6. Bd3 Nd7 7. O-O Ngf6 8.
Ng3 Be7 9. Re1 O-O 10. c3 Bxf3 11. Qxf3 c6 12. Bc2 Re8 13. Nf1 Qc7 14. Bd2 Rad8
15. Rad1 Bd6 16. h3 e5 17. dxe5 Nxe5 18. Qf5 Ng6 19. Bg5 Rxe1 20. Rxe1 Re8 21.
Rxe8+ Nxe8 22. h4 Nf8 23. Qe4 Qd7 24. Nd2 h6 25. Be3 Nf6 26. Qf5 Bb8 27. Nc4 b6
28. a4 Ng4 29. Bd2 Ne5 30. Nxe5 Bxe5 31. Be3 Bc7 32. h5 Ne6 33. g3 Kf8 34. Kf1
Ke7 35. Ke2 Qd5 36. Qxd5 cxd5 37. b4 Bd6 38. Kd3 d4 39. Bd2 dxc3 40. Bxc3 f6
41. Ke4 Nc7 42. Bd3 a6 43. Bf1 b5 44. a5 Kf7 45. Bh3 g6 46. hxg6+ Kxg6 47. Bf5+
Kf7 48. g4 Kg7 49. Bc8 Kg6 50. Bd2 Kg7 51. Kf5 Kf7 52. Bb7 Kg7 53. Bf4 Bxf4 54.
Kxf4 Kf7 55. Kf5 Kg7 56. Ke4 Kf7 57. Kd4 f5 58. Kc5 fxg4 59. Kb6 Ne6 60. Kxa6
Ke7 61. Kb6 Kd6 62. a6 h5 63. a7 Nc7 64. a8=Q Nxa8+ 65. Bxa8 h4 66. Kxb5 g3 67.
fxg3 hxg3 68. Bg2 1-0

[Event "Moscow Aeroflot op-A"]
[Site "Moscow"]
[Date "2020.02.19"]
[Round "1"]
[White "Sargsyan, Shant"]
[Black "Kardashevskiy, Evgeny"]
[Result "1-0"]
[WhiteElo "2594"]
[BlackElo "2437"]
[PlyCount "97"]
[EventDate "2020.02.19"]
[EventType "swiss"]
[EventRounds "9"]
[EventCountry "RUS"]
[SourceTitle "CBM 195"]
[Source "ChessBase"]
[SourceDate "2020.04.30"]
[SourceVersion "1"]
[SourceVersionDate "2020.04.30"]
[SourceQuality "1"]

1. d4 Nf6 2. c4 e6 3. Nf3 d5 4. Nc3 Nbd7 5. Qc2 Be7 6. cxd5 exd5 7. Bf4 c6 8.
h3 Nf8 9. e3 Ne6 10. Be5 Bd6 11. Bd3 Bxe5 12. Nxe5 g6 13. O-O O-O 14. b4 Qe7
15. Rab1 Ng7 16. Na4 Ne4 17. b5 f6 18. Nf3 Bd7 19. bxc6 bxc6 20. Bxe4 Qxe4 21.
Qxe4 dxe4 22. Nd2 f5 23. Nc5 Be6 24. Nxe6 Nxe6 25. Rfc1 Rac8 26. Rc2 Rfd8 27.
Rbc1 Rd6 28. Nb3 Kf8 29. Na5 Nd8 30. Rc5 Rb8 31. g4 f4 32. g5 Rd5 33. Nxc6 Rxc5
34. Rxc5 Rb1+ 35. Kg2 f3+ 36. Kh2 Nf7 37. Ne5 Nd6 38. Rc6 Nf5 39. Ng4 a5 40.
Ra6 Rb5 41. Ra8+ Kf7 42. Ra7+ Kf8 43. a4 Rb2 44. Rxa5 Nxe3 45. Nxe3 Rxf2+ 46.
Kg3 Re2 47. Kf4 f2 48. Ra6 Rxe3 49. Rf6+ 1-0

[Event "Moscow Aeroflot op-A"]
[Site "Moscow"]
[Date "2020.02.19"]
[Round "1"]
[White "Savchenko, Boris"]
[Black "Makarian, Rudik"]
[Result "1/2-1/2"]
[WhiteElo "2573"]
[BlackElo "2414"]
[PlyCount "61"]
[EventDate "2020.02.19"]
[EventType "swiss"]
[EventRounds "9"]
[EventCountry "RUS"]
[SourceTitle "CBM 195"]
[Source "ChessBase"]
[SourceDate "2020.04.30"]
[SourceVersion "1"]
[SourceVersionDate "2020.04.30"]
[SourceQuality "1"]

1. e4 e5 2. Nc3 Nf6 3. g3 d5 4. exd5 Nxd5 5. Nf3 Nc6 6. Bg2 Nxc3 7. bxc3 Bc5 8.
d3 O-O 9. O-O Bg4 10. Rb1 e4 11. dxe4 Qxd1 12. Rxd1 Ne5 13. Rd5 Nxf3+ 14. Bxf3
Bxf3 15. Rxc5 Bxe4 16. Rxc7 Rac8 17. Bf4 Rxc7 18. Bxc7 Rc8 19. Rd1 Bxc2 20.
Rd8+ Rxd8 21. Bxd8 Kf8 22. Bc7 Ke7 23. f4 Kd7 24. Bb8 a6 25. Kf2 Kc6 26. Ke3
Kd5 27. a3 Bf5 28. Bc7 Bh3 29. Bb8 Bf5 30. Bc7 Bh3 31. Bb8 1/2-1/2

[Event "Moscow Aeroflot op-A"]
[Site "Moscow"]
[Date "2020.02.19"]
[Round "1"]
[White "Shimanov, Aleksandr"]
[Black "Pranesh, M."]
[Result "1/2-1/2"]
[WhiteElo "2587"]
[BlackElo "2425"]
[PlyCount "124"]
[EventDate "2020.02.19"]
[EventType "swiss"]
[EventRounds "9"]
[EventCountry "RUS"]
[SourceTitle "CBM 195"]
[Source "ChessBase"]
[SourceDate "2020.04.30"]
[SourceVersion "1"]
[SourceVersionDate "2020.04.30"]
[SourceQuality "1"]

1. Nf3 Nf6 2. c4 e6 3. Nc3 d5 4. e3 Nbd7 5. b3 a6 6. Bb2 b6 7. cxd5 exd5 8. g3
Bb7 9. Bg2 Bd6 10. O-O O-O 11. Rc1 Re8 12. Ne2 Rc8 13. d4 a5 14. Nf4 Ne4 15.
Qc2 Qe7 16. Rfd1 c5 17. dxc5 Bxc5 18. Qe2 Ndf6 19. Nd4 Ba3 20. Nf5 Qf8 21. Rxc8
Bxc8 22. Nxg7 Qxg7 23. Bxa3 Bg4 24. f3 Nc3 25. Qd3 Nxd1 26. Qxd1 Rxe3 27. fxg4
Qxg4 28. Qd2 d4 29. Bb2 Ne4 30. Qxd4 Re1+ 31. Bf1 f6 32. Kg2 Qd1 33. Bc4+ Kg7
34. Qxd1 Rxd1 35. Kf3 Nd2+ 36. Ke2 Rb1 37. Bd4 Nxc4 38. bxc4 Kf7 39. Kd2 Rb4
40. Kd3 Ra4 41. Bb2 Rxa2 42. Kc3 a4 43. Nd3 a3 44. Bc1 h5 45. h4 Ke8 46. Kb4
Rg2 47. Bxa3 Rxg3 48. Nf4 Rg4 49. Nxh5 Kf7 50. Bb2 f5 51. Be5 Rxh4 52. Nf4 Rh1
53. Bc7 Rb1+ 54. Kc3 Rc1+ 55. Kb4 Rb1+ 56. Kc3 Rc1+ 57. Kd4 b5 58. c5 b4 59.
Be5 b3 60. Kd5 Rc2 61. Nd3 f4 62. Bxf4 b2 1/2-1/2

[Event "Moscow Aeroflot op-A"]
[Site "Moscow"]
[Date "2020.02.19"]
[Round "1"]
[White "Shubin, Kirill"]
[Black "Wagner, Dennis"]
[Result "0-1"]
[WhiteElo "2427"]
[BlackElo "2590"]
[PlyCount "60"]
[EventDate "2020.02.19"]
[EventType "swiss"]
[EventRounds "9"]
[EventCountry "RUS"]
[SourceTitle "CBM 195"]
[Source "ChessBase"]
[SourceDate "2020.04.30"]
[SourceVersion "1"]
[SourceVersionDate "2020.04.30"]
[SourceQuality "1"]

1. e4 e5 2. Nf3 Nc6 3. Bb5 a6 4. Ba4 Nf6 5. O-O Be7 6. Re1 b5 7. Bb3 O-O 8. c3
d5 9. d4 exd4 10. e5 Ne4 11. cxd4 Bf5 12. Nc3 Nxc3 13. bxc3 Na5 14. Bc2 Bxc2
15. Qxc2 Nc4 16. a4 c6 17. Qf5 Qc8 18. Qh5 a5 19. g4 b4 20. Ng5 h6 21. Nh3 bxc3
22. Ra2 c5 23. Nf4 cxd4 24. Nxd5 Qd7 25. Nxe7+ Qxe7 26. Re4 Rfd8 27. g5 d3 28.
Rxc4 d2 29. Bxd2 cxd2 30. Qd1 Qxe5 0-1

[Event "Moscow Aeroflot op-A"]
[Site "Moscow"]
[Date "2020.02.19"]
[Round "1"]
[White "Sindarov, Javokhir"]
[Black "Jumabayev, Rinat"]
[Result "1-0"]
[WhiteElo "2537"]
[BlackElo "2646"]
[PlyCount "51"]
[EventDate "2020.02.19"]
[EventType "swiss"]
[EventRounds "9"]
[EventCountry "RUS"]
[SourceTitle "CBM 195"]
[Source "ChessBase"]
[SourceDate "2020.04.30"]
[SourceVersion "1"]
[SourceVersionDate "2020.04.30"]
[SourceQuality "1"]

1. e4 c5 2. Nc3 d6 3. Nge2 Nf6 4. d4 cxd4 5. Nxd4 a6 6. a3 e6 7. Bc4 Nc6 8. O-O
Be7 9. Ba2 O-O 10. Be3 Nxd4 11. Bxd4 b5 12. f4 Bb7 13. Qd3 Rc8 14. Rae1 Qc7 15.
f5 e5 16. Bf2 d5 17. exd5 Rfd8 18. Bg3 Nxd5 19. Bxd5 Bxd5 20. Bxe5 Bc5+ 21. Kh1
Bxg2+ 22. Kxg2 Rxd3 23. Bxc7 Rd2+ 24. Kh1 Rxc7 25. Re8+ Bf8 26. Ne4 1-0

[Event "Moscow Aeroflot op-A"]
[Site "Moscow"]
[Date "2020.02.19"]
[Round "1"]
[White "Sivuk, Vitaly"]
[Black "Sargissian, Gabriel"]
[Result "1/2-1/2"]
[WhiteElo "2557"]
[BlackElo "2689"]
[PlyCount "68"]
[EventDate "2020.02.19"]
[EventType "swiss"]
[EventRounds "9"]
[EventCountry "RUS"]
[SourceTitle "CBM 195"]
[Source "ChessBase"]
[SourceDate "2020.04.30"]
[SourceVersion "1"]
[SourceVersionDate "2020.04.30"]
[SourceQuality "1"]

1. e4 e5 2. Nf3 Nc6 3. Bb5 a6 4. Ba4 Nf6 5. O-O Be7 6. Re1 b5 7. Bb3 O-O 8. c3
d5 9. exd5 Nxd5 10. Nxe5 Nxe5 11. Rxe5 c6 12. d3 Bd6 13. Re1 Qh4 14. g3 Qh3 15.
Re4 Nf6 16. Rh4 Qf5 17. Nd2 Ng4 18. Qf3 Re8 19. Qxf5 Bxf5 20. Ne4 Be7 21. Bg5
Ne5 22. Bxe7 Rxe7 23. Rf4 Bg6 24. Nc5 Nxd3 25. Nxd3 Bxd3 26. Rd1 Bg6 27. Rd6
Kf8 28. h4 f6 29. g4 h6 30. Kh2 Re1 31. Rxc6 Be4 32. Rc7 Rh1+ 33. Kg3 Rg1+ 34.
Kh2 Rh1+ 1/2-1/2

[Event "Moscow Aeroflot op-A"]
[Site "Moscow"]
[Date "2020.02.19"]
[Round "1"]
[White "Soumya, Swaminathan"]
[Black "Aryan, Chopra"]
[Result "1/2-1/2"]
[WhiteElo "2369"]
[BlackElo "2562"]
[PlyCount "92"]
[EventDate "2020.02.19"]
[EventType "swiss"]
[EventRounds "9"]
[EventCountry "RUS"]
[SourceTitle "CBM 195"]
[Source "ChessBase"]
[SourceDate "2020.04.30"]
[SourceVersion "1"]
[SourceVersionDate "2020.04.30"]
[SourceQuality "1"]

1. d4 Nf6 2. c4 g6 3. Nc3 d5 4. Nf3 Bg7 5. e3 O-O 6. Be2 c5 7. dxc5 dxc4 8. O-O
Qc7 9. Qd4 Nbd7 10. Qxc4 Qxc5 11. Qh4 h6 12. h3 e5 13. Bd2 g5 14. Qa4 Nb6 15.
Qb5 Qxb5 16. Nxb5 Nfd5 17. Rfc1 Rd8 18. Ba5 g4 19. hxg4 Bxg4 20. Kf1 Rd7 21.
Rc2 e4 22. Nfd4 Bxe2+ 23. Nxe2 f5 24. Ng3 Rf8 25. Nc3 Bxc3 26. Bxc3 Nxc3 27.
Rxc3 Rd2 28. Rc7 Rxb2 29. Rxb7 f4 30. exf4 Rxf4 31. Ne2 Rf7 32. Rxf7 Kxf7 33.
Nc3 e3 34. fxe3 Nc4 35. Nd1 Rc2 36. a4 Ke6 37. Kg1 Ke5 38. Rb1 Ra2 39. Rb4 Nb6
40. Nc3 Ra3 41. Rb5+ Ke6 42. Rc5 Nxa4 43. Nxa4 Rxa4 44. Rh5 Ra2 45. Rxh6+ Kf5
46. Rc6 a5 1/2-1/2

[Event "Moscow Aeroflot op-A"]
[Site "Moscow"]
[Date "2020.02.19"]
[Round "1"]
[White "Sreeshwan, Maralakshikari"]
[Black "Salgado Lopez, Ivan"]
[Result "1/2-1/2"]
[WhiteElo "2440"]
[BlackElo "2597"]
[PlyCount "36"]
[EventDate "2020.02.19"]
[EventType "swiss"]
[EventRounds "9"]
[EventCountry "RUS"]
[SourceTitle "CBM 195"]
[Source "ChessBase"]
[SourceDate "2020.04.30"]
[SourceVersion "1"]
[SourceVersionDate "2020.04.30"]
[SourceQuality "1"]

1. d4 Nf6 2. c4 e6 3. Nc3 Bb4 4. e3 b6 5. Bd3 Bb7 6. Nf3 Bxc3+ 7. bxc3 O-O 8.
O-O Re8 9. Qc2 Bxf3 10. gxf3 d6 11. f4 Nbd7 12. f3 e5 13. Qg2 Qe7 14. e4 Nh5
15. fxe5 dxe5 16. f4 Nxf4 17. Bxf4 exf4 18. Rxf4 Rad8 1/2-1/2